| 000 | 02113 a2200349 4500 | ||
|---|---|---|---|
| 005 | 20140904115430.0 | ||
| 008 | 140301s2007 ag g 0 m mul d | ||
| 040 |
_aCO-BoUCM _bspa _cJose A. Gerena (modificó) _d[Nuevo] |
||
| 041 | _aeng | ||
| 041 | _aspa | ||
| 092 | _aDVD 1322 | ||
| 245 | 0 | 0 |
_aGanster americano _cRidley Scott, director _h[DVD] |
| 246 | 1 | 3 | _aAmerican Gangster |
| 260 |
_aBuenos Aires (Argentina) _bUniversal Pictures _c2007 |
||
| 300 |
_a1 DVD, 157 minutos _bimagen, sonido, color |
||
| 500 | _aSINOPSIS: Provisto de despiadadas y astutas tácticas y con un riguroso sentido del honor, el jefe criminal Frank Lucas controla el caótico submundo de la droga en Harlem. Cuando el ex policía Richie Roberts se propone destruir el imperio multimillonario de Lucas, ambos se ven sumidos en un enfrentamiento legendario | ||
| 508 | _aCRÉDITOS: Dirigida por Ridley Scott ; escrita por Steven Zaillian ; música por Marc Streitenfeld ; fotografía por Harris Savides ; diseño de producción por Arthur Max ; dirección de arte por Nicholas Lundy ; ambientación por Leslie E. Rollins ; vestuario por Janty Yates | ||
| 511 | 0 | _aREPARTO: Denzel Washington, Russell Crowe, Chiwetel Ejiofor, Josh Brolin, Lymari Nadal, Ted Levine, Roger Guenveur Smith, John Hawkes, RZA, Yul Vazquez | |
| 520 | _aBasada en una historia real del artículo "The Return of Superfly" de Mark Jacobson | ||
| 546 | _aAudio en inglés y español. Subtítulos en inglés y español | ||
| 650 | 7 |
_aCrimen organizado _vDVD _957724 |
|
| 650 | 7 |
_951326 _aPelículas cinematográficas _zEstados Unidos _vDVD |
|
| 650 | 7 |
_951342 _aPelículas de acción _vDVD |
|
| 690 |
_942805 _aEntretenimiento |
||
| 700 | 1 |
_aScott, Ridley _edirector _957626 |
|
| 710 | 2 |
_aUniversal Pictures _950661 |
|
| 710 | 2 |
_aImagine Entertainment _955941 |
|
| 710 | 2 |
_aRelativity Media _950662 |
|
| 765 | 0 | _tAmerican Gangster | |
| 856 | 4 | 0 |
_uhttps://www.youtube.com/watch?v=ZQgP0kMJAQ4 _zSiga este enlace para ver el trailer _zTrailer tomado del canal TrailersPlaygroundHD vía YouTube.com |
| 942 |
_2LOCAL _a11 _cMULTIMEDIA _e1 _hDVD 1322 |
||
| 999 |
_c239972 _d239972 |
||